LEADER 01106nam a2200253 4500 001 000000345269 003 CaOOAMICUS 005 20210408120602.0 008 210408s2018 mf a 000 u ita r 020 $a978-613-8-39130-2 040 $aSeMil$bita 100 1 $aZoccarato, Silvano,$d<1935- >.$0(OLS)http://semarc/name/72784 245 12$aI volti della Chiesa in Algeria e i 19 martiri /$cSilvano Zoccarato. 264 1$aBeau Bassin (Mauritius) :$bEdizioni Sant'Antonio,$c2018. 300 $a77 p. :$bill. ;$c22 cm 500 $aIn mezzo al front.: missionario del PIME 650 4$aAlgeria.$0(OLS)http://semarc/subject/11251 650 4$aMissioni - Africa.$0(OLS)http://semarc/subject/28072 850 $aSeMil 852 $aSeMil$W1$xVenegono$y1$m3E II 395$j225462$B236358$CSeMilBibl$Z2$F236358 $81 996 $6020$a978-613-8-39130-2$9(OLS)http://semarc/number/292838 996 $6245$aI volti della Chiesa in Algeria e i 19 martiri$9(OLS)http://semarc/title/434396 996 $6264$aBeau Bassin (Mauritius) :$bEdizioni Sant'Antonio$9(OLS)http://semarc/publisher/59677 LEADER 01118nam a2200241 i 4500 001 000000049433 003 CaOOAMICUS 005 19960820000000.0 008 960820n xx u000 u lat u 013 $a20604 020 $a2711620298 040 $aSeMil$bita 245 10$aQuaestiones disputatae de malo. 300 $a70, 381 p. ;$c36 cm + [1] cartoncino. 650 4$aTeologia - Testi - Sec. 13.$0(OLS)http://semarc/subject/2172 700 0 $aTommaso : d'Aquino,$c.$0(OLS)http://semarc/name/423 710 2 $aDomenicani$c.$0(OLS)http://semarc/name/1069 773 0 $aTommaso : d'Aquino $tSancti Thomae de Aquino Opera omnia.$dRomae : Ex Typographia polyglotta S. C. de Propaganda fide : [poi]... Typis R. Garroni : [poi]...apud sedem Commissionis Leoninae, 1882.$gTomus23$w()1323 850 $aSeMil 852 $aSeMil$W1$xVenegono$y1$mSL1.V VIII 25$j15588$B15588$CSeMilBibl$Z2$F15588 $8I 961 $aAcquisto: Distributore 996 $6020$a2711620298$9(OLS)http://semarc/number/22887 996 $6245$aQuaestiones disputatae de malo$9(OLS)http://semarc/title/75145